Por qué no soy cristiano / (Record no. 175926)

MARC details
000 -LEADER
campo de control de longitud fija 00950nam a2200265 i 4500
001 - NÚMERO DE CONTROL
campo de control 175926
003 - IDENTIFICADOR DE NÚMERO DE CONTROL
campo de control ES-MaACL
005 - FECHA Y HORA DE LA ÚLTIMA TRANSACCIÓN
campo de control 20260306132315.0
007 - CAMPO FIJO DE DESCRIPCIÓN FÍSICA--INFORMACIÓN GENERAL
campo de control de longitud fija t|
008 - DATOS DE LONGITUD FIJA--INFORMACIÓN GENERAL
campo de control de longitud fija 101201s2010 sp a ||||1| spa d
080 ## - NÚMERO DE LA CLASIFICACIÓN DECIMAL UNIVERSAL
Número de la Clasificación Decimal Universal 2-87
100 1# - ENTRADA PRINCIPAL--NOMBRE DE PERSONA
Nombre de persona Russell, Bertrand,
Fechas asociadas al nombre 1872-1970
9 (RLIN) 101033
245 10 - MENCIÓN DEL TÍTULO
Título Por qué no soy cristiano /
Mención de responsabilidad, etc. Bertrand Russell ; [edición de Paul Edwards ; traducción de Josefina Martínez Alinani, revisada por Javier Lacruz].
260 ## - PUBLICACIÓN, DISTRIBUCIÓN, ETC.
Lugar de publicación, distribución, etc. [Madrid] :
Nombre del editor, distribuidor, etc. Diario Público,
Fecha de publicación, distribución, etc. D. L. 2010.
300 ## - DESCRIPCIÓN FÍSICA
Extensión 319 p. :
Otras características físicas il. ;
Dimensiones 18 cm.
490 1# - MENCIÓN DE SERIE
Mención de serie Biblioteca pensamiento crítico
594 ## - Nota al título y mención de responsabilidad
Nota al título y mención de responsabilidad Tít. original: Why I am not a Christian.
650 04 - PUNTO DE ACCESO ADICIONAL DE MATERIA--TÉRMINO DE MATERIA
Término de materia o nombre geográfico como elemento de entrada Librepensamiento.
9 (RLIN) 14423
700 1# - ENTRADA AGREGADA--NOMBRE PERSONAL
Nombre de persona Edwards, Paul.
9 (RLIN) 137966
700 0# - ENTRADA AGREGADA--NOMBRE PERSONAL
Nombre de persona Martínez Alinari, Josefina
9 (RLIN) 77838
700 0# - ENTRADA AGREGADA--NOMBRE PERSONAL
Nombre de persona Lacruz, Javier.
9 (RLIN) 69410
830 0# - PUNTO DE ACCESO ADICIONAL DE SERIE-TÍTULO UNIFORME
Título uniforme Biblioteca pensamiento crítico
9 (RLIN) 189844
852 ## - LOCALIZACIÓN
Ubicación ES-MaACL
Número de control de estantería E-13739
Holdings
Estatus retirado Estado de pérdida Estado de daño No para préstamo Biblioteca de origen Biblioteca actual Ubicación en estantería Fecha de adquisición Fuente de adquisición Total de préstamos Signatura topográfica completa Código de barras Visto por última vez Precio de reemplazo Tipo de ítem Koha
        Biblioteca del Ateneo de Madrid Biblioteca del Ateneo de Madrid Depósito 2 01/12/2010     E-13739 1184743 23/02/2023 23/02/2023 Libro impreso